000 03068nam a2200457 c 4500
003 BLK
005 20180420224439.0
008 180408b bul|||||r ||||||| ||bul||
010 _aKNG00083909000
020 _a954-91021-5-7
_bиздат.: Фонд. Бълг. адвокати за правата на човека
040 _aBLK
041 _aBUL
_cBUL
080 _aМеждународен арбитраж - Международна подсъдност, международни спорове, мирни принудителни мерки, международни съдилища(напр. Европейски съд) и др.
_b341.6
_x(4)
_z341.6(4)
080 _aОсновни права. Права на човека. Права и задължения на гражданите. Право на информация, на убежище. Принадлежност към държава, свобода на личността, гражданскоправно, политическо равенство, на
_b342.7
_x(4)
_z342.7(4)
700 1 _aКръстева, Вяра
_eпрев. от англ.
_9299178
710 1 _aЕвропейски съд по правата на човека. Страсбург
_9270230
139 _aЕвропейски съд по правата на човека. Страсбург
_bЕ 20
245 1 0 _aДелото Ал Акиди срещу България
_b(Жалба N 35825/97) : Страсбург, 31 юли 2003 : Решение
_cпрев. от англ. Вяра Кръстева.
245 1 0 _aДелото Христов срещу България
_b(Жалба N 35436/97) : Страсбург, 31 юли 2003 : Решение
_c
245 1 0 _aДелото Михов срещу България
_b(Жалба N 35519/97) : Страсбург, 31 юли 2003 : Решение
_c
257 _aBGR
260 София
_bФонд. Бълг. адвокати за правата на човека
_c2003
_fСофия : Архонт В
300 _a96 с.
_c21 см
380 _a3
490 1 _aРешения на Европейски съд по правата на човека в Страсбург по дела срещу България
500 _aКор. загл. Делата Ал Акиди, Христов, Михов срещу България. - Без сведение за ориг. загл. - Офс. изд.
650 4 _aМеждународни съдилища - Европа
_9267153
650 4 _aСъдебни решения
_9253928
650 4 _aПрава на човека - Европа
_9244618
651 4 _aЕвропейски съюз
_9258188
651 4 _aБългария
_9241624
653 _aЕвропейски съд по правата на човека
653 _aмеждународни съдилища
653 _aсъдебни решения
653 _aправа на човека
852 _aЦб 240083
856 4 _qpdf
_u
856 4 _qpdf
_u
942 _cKNG
_n0
944 _aCR
_c22.05.2008
_lф /
_kЛюдмила_Стоянова
944 _aED
_c05.08.2011
_lф /
_k
999 _c79435
_d79435